| 000 | 01144nam a2200313 a 4500 | ||
|---|---|---|---|
| 999 |
_c126309 _d126309 |
||
| 001 | 3466985 | ||
| 003 | ARRUPE | ||
| 005 | 20170322092709.0 | ||
| 008 | 930715s1992 ke a 000 0 eng | ||
| 010 | _a 92981306 | ||
| 040 |
_aDLC _cDLC |
||
| 041 | 0 | _aengswa | |
| 043 | _af-ke--- | ||
| 050 | 0 | 0 |
_aJQ2947.A95 _bT68 1992 |
| 082 | 0 | 0 |
_a324.6/096762 _220 |
| 245 | 0 | 0 |
_aTowards multi-party democracy in Kenya = _cNCCK |
| 260 |
_aNairobi, Kenya : _bDept. of Justice, Peace and Reconciliation, _c[1992] |
||
| 300 |
_a42 p. : _bill. ; _c21 cm. |
||
| 500 | _aEnglish and Swahili. | ||
| 500 | _aCover title. | ||
| 500 | _a"An NCCK publication"--P. 4 of cover. | ||
| 650 | 0 |
_aElections _zKenya. _922982 |
|
| 710 | 2 |
_aNational Council of Churches of Kenya _923789 |
|
| 740 | 0 | _aLengo la demokrasia ya vyama vingi. | |
| 906 |
_a7 _bcbc _corignew _d2 _encip _f19 _gy-gencatlg |
||
| 942 |
_2lcc _cMONOGRAPH |
||